000 01365ngm a22003370a 4500
001 PT19098
003 AR-LpoUNG
005 20210202000258.0
007 vd cvaizq
008 191001s2000||||ag |||||||||||||||||eng d
037 _c$16,63
040 _aAR-LpoUNG
_bspa
_cAR-LpoUNG
_eaacr
044 _aag
082 0 _a940.531 8 837ame
100 1 _aCosta-Gavras, Constantin
_edir.
245 1 0 _aAmén
260 _aBuenos Aires :
_bTranseuropa Video Entertainment,
_c2003.
300 _aVHS (130 min.) : son., col.
505 0 _aSubtítulos en español
520 _aKurt Gerstein es un químico, teniente de las SS que sirvió a la maquinaria del nazismo proporcionando el gas letal usado en los campos de concentración. Pero su conciencia le exigía, al menos, denunciar la masacre de la que estaba siendo testigo. Conoce a Riccardo Fontana, sacerdote vinculado al Papa y lo alerta. Este observa la actitud negadora de los jerarcas de la Iglesia. La responsabilidad de la Iglesia que ocultó el holocausto es tan estratégica como la de los ejecutores que no hubiesen podido continuar sin complicidades.
650 4 _aALEMANIA
650 4 _aCRIMENES DE GUERRA
650 4 _aDRAMA
650 4 _aHISTORIA
650 4 _aIGLESIA CATOLICA
651 4 _aDinamarca
653 _aNAZISMO
653 _aVIDEOS
905 _a19098
942 _cVIDEO
999 _c54515
_d54515